1480 1223 1688 1961 1851 1911 1707 1208 1570 1287 1314 1902 1957 1528 1515 1969 1011 1651 1946 1472 1479 1924 1270 1339 1080 1556 1411 1143 1886 1878 1360 1395 1038 1071 1659 1781 1926 1323 1836 1036 1289 1311 1050 1069 1126 1336 1793 1858 1777 1815 1473 1573 1299 1595 1559 1050 1223 1549 1817 1209 1565 1429 1275 1188 1216 1488 1599 1088 1957 1032 1313 1364 1444 1810 1532 1203 1564 1455 1921 1892 1647 1827 1440 1143 1598 1912 1258 1448 1189 1964 1277 1818 1800 1681 1917 1858 1952 1810 1599 BCNSPRNW ULIB Ver.6.0+V

เปลี่ยนเป็นภาษาไทย

Change to English
 แสดงรายละเอียดบรรณานุกรม
  กลับหน้าหลัก

Brief Record : Get Marc (ISO 2709) : E-mail record : QR code < ปิดหน้าต่าง
LEADER : 00000nam 2200000uu 4500
001    13399113095
003     ULIB
008    110926s2550||||th 000 0 tha d
020    9746456393 (ล.1)
050 04 PL4157^bม246ภ ล.1 2550
110 1  มหาวิทยาลัยสุโขทัยธรรมาธิราช
245 10 ประมวลสาระชุดวิชา ภาษาไทยเพื่อการสื่อสาร หน่วยที่ 1-7/^cมหาวิทยาลัยสุโขทัยธรรมาธิราช
246 30 ภาษาไทยเพื่อการสื่อสาร
250    พิมพ์ครั้งที่ 8
260    นนทบุรี :^bมหาวิทยาลัยสุโขทัยธรรมาธิราช,^c2550
300    2 เล่ม ;^c30 ซม
500    ล.1 : หน่วยที่ 1-7 -- ล.2 : หน่วยที่ 8-15
505 2  ล.1 : การสื่อสารด้วยภาษา -- ความคิดกับภาษา --หลักการใช้คำเพื่อการสื่อสาร -- การรับสารอย่างมีวิจารณญาณ -- ปัญหาการใช้ภาษา -- การพัฒนาทักษะภาษา -- ล.2 : การอธิบายและการชี้แจง -- การแสดงความคิดเห็น -- การเจรจาต่อรอง --การปลอบใจ -- การโน้มน้าวใจ -- การวางแผนและการนำเสนอ -- การรายงาน -- หนังสือโต้ตอบ
650  7 การสื่อสาร
650  7 การสื่อสารทางภาษา
650  7 การเขียน
700 0  ศักดา ปั้นเหน่งเพ็ชร์
710 2  มหาวิทยาลัยสุโขทัยธรรมาธิราช สาขาศิลปศาสตร์
945    ^p0^l0^i018926
995    ทศพร
999 ^a ทศพร
รายการนี้ยังไม่มีแท็ก
คุณยังไม่ได้ล็อกอิน คุณสามารถมีกิจกรรมร่วมกับเว็บไซต์ได้ แต่ต้องล็อกอินก่อน ::
  ล็อกอิน

รายการสื่อสารสนเทศ

ลำดับที่ ประเภท เลขเรียก/บาร์โค้ด สถานที่ สถานะ
- ไม่พบข้อมูล -

รายการใกล้เคียง
    หัวเรื่อง [การสื่อสาร]
    หัวเรื่อง [การสื่อสารทางภาษา]
    หัวเรื่อง [การเขียน]

BibComment


ยังไม่เคยถูกคอมเมนท์

คอมเมนท์ทรัพยากรรายการนี้
  คอมเมนท์: ประมวลสาระชุดวิชา..


 Copyright 2026. Bcnsprnw @Library